| 000 | 00990nmc a2200325 a 4500 | ||
|---|---|---|---|
| 003 | AR-BaBNM | ||
| 005 | 20251128211420.0 | ||
| 008 | 024020s2001 ||||||||||||||000 | spa|| | ||
| 020 | _a968-16-6312-8 | ||
| 040 | _cAR-BaBNM | ||
| 100 | 1 | _aTyack, David | |
| 245 | 1 | 0 |
_aEn busca de la utopía _bun siglo de reformas de las escuelas públicas |
| 250 | _a2ª ed. | ||
| 260 |
_aMéxico, D.F. _bFondo de Cultura Económica _c2001 |
||
| 300 | _a290 p. | ||
| 490 | 0 | _aSección de obras de educación y pedagogía | |
| 500 | _aContiene índice analítico | ||
| 504 | _aContiene referencias bibliográficas en notas a pie de página | ||
| 650 | 4 | _aPOLITICA EDUCATIVA | |
| 650 | 4 | _aREFORMA DE LA EDUCACION | |
| 650 | 4 | _aHISTORIA DE LA EDUCACION | |
| 651 | 4 | _aEstados Unidos | |
| 653 | _aINSTITUCIONES EDUCATIVAS | ||
| 653 | _aGESTION EDUCATIVA | ||
| 653 | _aPLAN DALTON | ||
| 700 | 1 | _aCuban, Larry | |
| 700 | 1 |
_aUtrilla, Mónica _etraductor |
|
| 942 | _cBK | ||
| 998 | _craquel | ||
| 999 |
_c19590 _d19590 |
||